01003nam a2200229 i 4500001000300000100003300003245014000036246008900176260005500265300007100320500009200391504003600483650002600519655001800545700002300563020001500586040000800601041001100609080001400620008004100634856009800675bg1 aLATZKO, William J.d(1928- )10aCztery dni z dr. Demingiem :bnowoczesna teoria zarządzania /cWilliam J. Latzko, David M. Saunders ; z ang. przeł. Andrzej Ehrlich. iTyt. oryg.:aFour days with dr. Deming : a strategy for modern methods of management aWarszawa :bWydawnictwa Naukowo-Techniczne,c1998. aXV, [1], 227, [1] s. :b1 fot., 1 mapa, rys., wykr. ;c19 x 23 cm. aOryg. : "Four days with dr. Deming : a strategy for modern methods of management" 1995. aBibliogr. s. 219-220. - Indeks. 9aZarządzaniexteoria aPodręczniki1 aSOUNDERS, David M. a832042299X cBPK1 aplhen a65.01(07) s pl f |000 0 pol  uhttp://koha.tu.koszalin.pl/cgi-bin/koha/opac-detail.pl?biblionumber=34652yKatalog online BPK